Word Ladder: To the Treasury! Quiz Stats

 Plays Quiz Updated Oct 20, 2012

Support Sporcle.
Go Orange.
Score 0/18 Timer 02:00
0 Plays Today
Hint 4-Letter Word % Correct
Uninteresting personBORE
95.5%
Call at the golf courseFORE
93.7%
Without coveringBARE
91.3%
Dr. House's leaning stickCANE
90.9%
Coin insertion areaSLOT
88.8%
PriceCOST
88.5%
Messy personSLOB
87.2%
Limb immobilization wrapCAST
86.8%
Faceless Batman villainBANE
86.3%
Hint 4-Letter Word % Correct
Response when declining an invitation CANT
84.2%
Where the US keeps its gold, with [Rung 18]FORT
82%
Door opening deviceKNOB
81.7%
Dab up the inkBLOT
81.2%
Pretentious individualSNOB
80.1%
Where the US keeps its gold, with [Rung 1]KNOX
78.2%
Door locking deviceBOLT
75.5%
Handgun manufacturerCOLT
75.5%
High-walled shoeBOOT
75.3%

Today's Daily Dose

Word Ladder
ING Words

Get the Picture
Nearest Volcano

From the Vault

Remove Ads.
Support Sporcle.
Get the best of Sporcle when you Go Orange. This ad-free experience offers more features, more stats, and more fun while also helping to support Sporcle. Thank you for becoming a member.

Show Comments

Extras

Top Quizzes Today


Score Distribution

Your Account Isn't Verified!

In order to create a playlist on Sporcle, you need to verify the email address you used during registration. Go to your Sporcle Settings to finish the process.

Report this User

Report this user for behavior that violates our Community Guidelines.

Details: